| 000 | 01601nam a2200265Ia 4500 | ||
|---|---|---|---|
| 005 | 20250329173539.0 | ||
| 008 | 201020s9999 xx 000 0 und d | ||
| 020 | _a9789584624499 | ||
| 040 |
_aCO-CtgCURN _bspa _ccoctgcurn |
||
| 082 |
_a361.3 _bD946m |
||
| 100 |
_aDuque, Aura Victoria _eautora |
||
| 245 | 0 |
_aMetodologías de intervención social : _bpalimpsestos de los modelos en trabajo social _h[electronic resource] / _cAura Victoria Duque |
|
| 260 |
_aColombia _bEditorial Epi-Logos, _c2013 |
||
| 300 | _arecurso en línea (335 páginas) : | ||
| 336 |
_atexto _btxt |
||
| 337 |
_acomputador _bc |
||
| 338 |
_arecurso en línea _bcr |
||
| 504 | _aIncluye referencias bibliográficas | ||
| 505 | _aMétodo comprensivo o de ayuda profunda de Mary Ellen Richmond. primeros pasos hermenéuticos en trabajo social -- Métodos cognoscitivos-afectivos. primeros pasos sistémicos en trabajo social casuístico y reificación de la escuela diagnóstica crítica Richmondiana -- Paradigma psicodinámico: métodos reflexivos de concienciación situacional -- Métodos cognoscitivos-comunicacionales. transición entre lo micro como individual y lo micro como sistema -- Vanguardia de métodos hermenéuticos en trabajo social -- Acercamiento conceptual a la hermenéutica | ||
| 590 | _aPrograma de Trabajo Social_26 | ||
| 650 | _aTrabajo social | ||
| 856 |
_uhttps://unicurn.sharepoint.com/:b:/s/biblioteca/EeOcg_BiOa1Jovfy6TaZvtAB913Spm-Y6Wu_Cw4qKcRtTQ?e=678inw _zVea este libro electrónico |
||
| 942 |
_cCF _h361.3 _iD946m |
||
| 999 |
_c7917 _d7917 |
||